[Event "Tourn. n9252"]
[Site "www.chess-mail.com"]
[Date "2017.03.24"]
[Round "1"]
[White "Ingauno64"]
[Black "Seger"]
[WhiteElo "2660"]
[BlackElo "2780"]
[Result "0-1"]
[Round "1"]
1.Ng1f3 d5
2.d4 Ng8f6
3.c4 e6
4.Nb1c3 c6
5.e3 Nb8d7
6.Bf1d3 dxc4
7.Bd3xc4 b5
8.Bc4d3 Bc8b7
9.O-O a6
10.e4 c5
11.d5 Qd8c7
12.dxe6 fxe6
13.e5 Nd7xe5
14.Nf3xe5 Qc7xe5
15.Rf1e1 Qe5d6
16.Qd1e2 O-O-O
17.Bd3e4 Nf6xe4
18.Nc3xe4 Qd6e5
19.Bc1g5 Rd8d4
20.f4 Qe5xe4
{ resign }
0-1

[Event "Tourn. n9246"]
[Site "www.chess-mail.com"]
[Date "2017.03.24"]
[Round "1"]
[White "Aperturaf"]
[Black "Goofy"]
[WhiteElo "2540"]
[BlackElo "2340"]
[Result "1-0"]
[Round "1"]
1.e4 e5
2.Ng1f3 Nb8c6
3.d4 exd4
4.Nf3xd4 Bf8c5
5.Nd4xc6 Qd8f6
6.Qd1d2 dxc6
7.Nb1c3 Qf6e7
8.Qd2g5 f6
9.Qg5g3 Bc8e6
10.Bc1e3 Bc5d6
11.f4 Ng8h6
12.h3 O-O-O
13.Bf1d3 g5
14.e5 fxe5
15.fxe5 Bd6b4
16.Be3xg5 Qe7g7
17.Qg3f4 { resign }
1-0

[Event "Tourn. n9302"]
[Site "www.chess-mail.com"]
[Date "2017.03.24"]
[Round "1"]
[White "Kevinking"]
[Black "Autmich"]
[WhiteElo "1820"]
[BlackElo "1720"]
[Result "1-0"]
[Round "1"]
1.c4 Ng8f6
2.Nb1c3 g6
3.g3 Bf8g7
4.Bf1g2 O-O
5.Ng1f3 d5
6.cxd5 Nf6xd5
7.O-O Nd5xc3
8.bxc3 Nb8c6
9.Qd1c2 e5
10.d3 Rf8e8
11.Rf1d1 Qd8e7
12.Nf3d2 { resign }
1-0

[Event "Tourn. n9259"]
[Site "www.chess-mail.com"]
[Date "2017.03.24"]
[Round "1"]
[White "Milkyway"]
[Black "Hundegana"]
[WhiteElo "1970"]
[BlackElo "2050"]
[Result "0-1"]
[Round "1"]
1.e4 c5
2.Ng1f3 d6
3.Bf1b5 Bc8d7
4.Bb5xd7 Qd8xd7
5.O-O g6
6.d4 c4
7.Qd1e2 b5
8.a4 Bf8g7
9.axb5 Qd7xb5
10.Nb1c3 Qb5c6
11.e5 d5
12.Bc1f4 e6
13.Qe2d2 Nb8d7
14.Rf1e1 Ng8e7
15.Bf4h6 O-O
 { time }
0-1

[Event "Tourn. n9254"]
[Site "www.chess-mail.com"]
[Date "2017.03.24"]
[Round "1"]
[White "A27l"]
[Black "Omaciej"]
[WhiteElo "1220"]
[BlackElo "1319"]
[Result "1-0"]
[Round "1"]
1.d4 Ng8f6
2.e3 d5
3.h3 c5
4.dxc5 e5
5.Ng1e2 Bf8xc5
6.Ne2g3 O-O
7.Bf1e2 Nb8c6
8.O-O Bc8e6
9.c3 a5
10.b3 Qd8c7
11.Bc1a3 Bc5xa3
{ time. }
1-0

[Event "Match"]
[Site "www.echecsemail.com"]
[Date "2017.03.24"]
[Round "1"]
[White "Genius7"]
[Black "Sonny1000"]
[WhiteElo "1890"]
[BlackElo "1290"]
[Result "0-1"]
[Round "1"]
1.d4 Ng8f6
2.c4 Nb8c6
3.Nb1c3 Nc6xd4
4.Qd1xd4 c6
5.e4 Nf6g4
6.Bf1e2 e5
7.Qd4d1 Bf8c5
8.Be2xg4 Bc5xf2
9.Kxf2 Qd8h4
10.g3 Qh4f6
11.Qd1f3 Qf6xf3
12.Ng1xf3 a5
13.Nf3xe5 b6
14.Bc1e3 f6
15.Ne5f3 g6
16.Bg4h3 O-O
17.Ra1d1 a4
18.Bh3xd7 Bc8xd7
19.Rd1xd7 Ra8a6
20.Rh1d1 a3
21.b3 Ra6a8
22.Rd7c7 Rf8f7
23.Rd1d7 Rf7xd7
24.Rc7xd7 h5
25.Nf3d4 Ra8c8
26.Be3h6 Rc8e8
27.Rd7g7 Kh8
28.Rg7xg6 Re8d8
29.Ke3 Rd8d6
30.Nd4f5 Rd6e6
31.Bh6g7 Kh7
32.Rg6h6 Kg8
33.Rh6h8 Kf7
34.Rh8f8 Kg6
35.Kf4 Re6xe4
 { time }
0-1

[Event "Match"]
[Site "www.echecsemail.com"]
[Date "2017.03.24"]
[Round "1"]
[White "Fabos12"]
[Black "Coraza"]
[WhiteElo "1890"]
[BlackElo "1770"]
[Result "1-0"]
[Round "1"]
1.d4 e6
2.c4 Ng8f6
3.Nb1c3 Bf8b4
4.Ng1f3 Nf6e4
5.Qd1d3 Bb4xc3
6.bxc3 Ne4f6
7.Bc1g5 O-O
8.Bg5h4 d5
9.c5 Nb8d7
10.Qd3d2 Qd8e8
11.Ra1c1 Nf6e4
12.Qd2f4 c6
13.e3 b6
14.Bf1d3 a5
15.Bd3xe4 dxe4
16.Qf4xe4 Bc8b7
17.Bh4g3 Nd7f6
18.Qe4h4 Bb7a6
19.Bg3d6 bxc5
20.Bd6xc5 Qe8b8
21.Bc5xf8 Qb8xf8
22.Nf3e5 c5
23.g4 Ba6b7
24.Rh1g1 Bb7e4
25.g5 Nf6d5
26.Qh4xe4 g6
27.Ne5d7 Qf8c8
28.Nd7xc5 Qc8c7
29.h4 Qc7h2
30.Rg1f1 a4
31.Nc5xe6 fxe6
32.Qe4xe6 Kf8
33.Qe6xd5 Ra8e8
34.h5 Qh2xh5
35.Rf1h1 Qh5g4
36.Rh1xh7 Re8e7
37.Qd5d8 Re7e8
38.Rh7h8 Kf7
39.Qd8f6 
1-0

[Event "Match"]
[Site "www.echecsemail.com"]
[Date "2017.03.24"]
[Round "1"]
[White "Mechjoura"]
[Black "Joseph1983"]
[WhiteElo "2129"]
[BlackElo "2200"]
[Result "0-1"]
[Round "1"]
1.d4 Ng8f6
2.c4 e6
3.a3 b6
4.f3 d5
5.g4 Nf6xg4
6.fxg4 Qd8h4
7.Kd2 Qh4xg4
8.Ng1f3 dxc4
9.Rh1g1 Qg4f5
10.Bf1g2 Bc8b7
11.Ke1 Bf8d6
12.Nf3h4 Qf5a5
13.Bc1d2 Qa5a6
14.e4 Bd6xh2
15.Rg1h1 Bh2g3
16.Kf1 c3
17.Kg1 cxd2
18.Nb1xd2 O-O
 { time }
0-1

[Event "Match"]
[Site "www.echecsemail.com"]
[Date "2017.03.24"]
[Round "1"]
[White "Chapi"]
[Black "Darknight"]
[WhiteElo "2070"]
[BlackElo "1800"]
[Result "1-0"]
[Round "1"]
1.d4 d5
2.c4 e6
3.Nb1c3 Nb8c6
4.e4 dxe4
5.Nc3xe4 Nc6xd4
6.Bc1e3 Bf8b4
7.Be3d2 c5
8.Bd2xb4 cxb4
9.c5 Qd8d5
10.Ne4d6 Ke7
11.Ra1c1 a6
12.Qd1g4 g6
13.Bf1e2 h5
14.Qg4h4 Ng8f6
15.Rc1d1 e5
16.Ng1f3 Nd4xf3
17.Be2xf3 Qd5xc5
18.Nd6e4 Qc5c6
19.O-O Bc8g4
20.Rd1d6 g5
21.Qh4xg5 Qc6xd6
22.Ne4xd6 Kxd6
23.Qg5xf6 Bg4e6
24.Rf1d1 Kc5
25.Qf6xe5 Kb6
26.Rd1d6 Kc7
27.Rd6xe6 Kd7
28.Re6e7 Kd8
29.Qe5c7 
1-0

[Event "Match"]
[Site "www.echecsemail.com"]
[Date "2017.03.24"]
[Round "1"]
[White "Griffo30"]
[Black "Luke1302"]
[WhiteElo "1499"]
[BlackElo "1409"]
[Result "1-0"]
[Round "1"]
1.e4 e5
2.Ng1f3 Qd8e7
3.Nb1c3 c5
4.Nc3d5 Qe7d8
5.Nf3xe5 d6
6.Ne5f3 b6
7.Bf1c4 Bc8d7
8.a4 g6
9.O-O Bd7c6
10.Rf1e1 Bc6xd5
11.Bc4xd5 Nb8c6
12.Bd5xc6 Ke7
13.Bc6xa8 Qd8xa8
14.d4 Bf8g7
15.d5 Ng8f6
16.Ra1b1 a5
17.b3 Nf6d7
18.Bc1f4 Bg7c3
19.Re1e3 b5
20.Re3xc3 bxa4
21.bxa4 Nd7b6
22.Rc3a3 Nb6c4
23.Ra3a1 Qa8c8
24.e5 Rh8d8
25.Qd1d3 Qc8a6
26.Rb1b5 Nc4b2
27.Qd3b3 Qa6a8
28.exd6 Kd7
29.Rb5b7 Ke8
30.Ra1e1 Kf8
31.Re1e7 Rd8c8
32.Re7xf7 Kg8
33.Rf7g7 Kf8
34.Rg7xh7 c4
35.Rh7h8 
1-0

[Event "1/128 Finale"]
[Site "www.chess-mail.com"]
[Date "2017.03.24"]
[Round "1"]
[White "Mechjoura"]
[Black "Autmich"]
[WhiteElo "1809"]
[BlackElo "1710"]
[Result "0-1"]
[Round "1"]
1.e4 e5
2.Ng1f3 Nb8c6
3.Bf1c4 Bf8c5
4.c3 Ng8f6
5.d4 exd4
6.cxd4 Bc5b4
7.Bc1d2 Nf6xe4
8.Qd1e2 d5
9.Bd2xb4 Nc6xb4
10.Bc4b5 c6
11.Bb5a4 Qd8a5
12.Nb1c3 O-O
13.a3 Nb4a6
14.Qe2c2 Ne4xc3
15.bxc3 Rf8e8
16.Kf1 Bc8g4
17.Nf3g5 g6
18.h3 Bg4f5
19.Qc2b3 b5
20.Ba4xb5 Qa5xb5
21.Qb3xb5 cxb5
22.g4 Bf5d3
23.Kg1 Bd3e2
24.f4 h6
25.Ng5xf7 Kxf7
26.Rh1h2 Ra8c8
27.Ra1e1 Be2d3
28.Re1e5 Re8xe5
 { time }
0-1

[Event "Fast Game"]
[Site "www.echecsemail.com"]
[Date "2017.03.24"]
[Round "1"]
[White "Cal"]
[Black "Sociopatas"]
[WhiteElo "1700"]
[BlackElo "1599"]
[Result "1-0"]
[Round "1"]
1.c4 Nb8c6
2.Nb1c3 e5
3.e4 d6
4.h3 f5
5.d3 Ng8f6
6.Bc1g5 Bf8e7
7.Ng1f3 h6
8.Bg5xf6 Be7xf6
9.Bf1e2  { time }
1-0

[Event "Tourn. n9228"]
[Site "www.chess-mail.com"]
[Date "2017.03.25"]
[Round "1"]
[White "Nulladies"]
[Black "Genius7"]
[WhiteElo "1760"]
[BlackElo "1940"]
[Result "1-0"]
[Round "1"]
1.d4 Ng8f6
2.Bc1f4 d6
3.Ng1f3 g6
4.e3 Bf8g7
5.Bf1e2 O-O
6.Nb1d2 c6
7.c4 Nf6h5
8.Bf4g3 Nh5xg3
9.hxg3 h6
10.b4 Qd8c7
11.O-O Bc8g4
12.Nf3h2 Bg4xe2
13.Qd1xe2 e5
14.Nd2b3 Nb8d7
15.Ra1c1 Rf8e8
16.d5 f5
17.e4 Re8f8
18.Qe2d3 c5
19.b5 b6
20.a4 a6
21.Rf1e1 axb5
22.axb5 f4
23.gxf4 Rf8xf4
24.Qd3g3 g5
25.Rc1a1  { time }
1-0

[Event "Tourn. n9287"]
[Site "www.chess-mail.com"]
[Date "2017.03.25"]
[Round "1"]
[White "Francesco"]
[Black "Genius7"]
[WhiteElo "2040"]
[BlackElo "2010"]
[Result "1-0"]
[Round "1"]
1.e4 c6
2.d4 d5
3.Nb1c3 dxe4
4.Nc3xe4 Bc8f5
5.Ne4g3 Bf5g6
6.Ng1f3 Nb8d7
7.Bf1d3 Ng8f6
8.Bd3xg6 hxg6
9.Bc1f4 e6
10.Qd1d3 Nd7b6
11.O-O-O  { time }
1-0

[Event "Tourn. n9256"]
[Site "www.chess-mail.com"]
[Date "2017.03.25"]
[Round "1"]
[White "Milkyway"]
[Black "Paulsyd"]
[WhiteElo "1970"]
[BlackElo "1959"]
[Result "0-1"]
[Round "1"]
1.e4 c5
2.d3 e6
3.Nb1c3 d5
4.exd5 exd5
5.Ng1f3 Ng8f6
6.Bf1e2 d4
7.Nc3b1 Bf8d6
8.O-O O-O
9.Nb1d2 Nb8c6
10.Nd2c4 Bd6c7
11.Bc1g5 a6
12.Nc4d2 h6
13.Bg5h4 Bc8f5
14.Nd2b3 b6
15.Bh4g3 Bc7xg3
 { time }
0-1

[Event "Tourn. n9216"]
[Site "www.chess-mail.com"]
[Date "2017.03.25"]
[Round "1"]
[White "Genius7"]
[Black "Nulladies"]
[WhiteElo "1890"]
[BlackElo "1750"]
[Result "0-1"]
[Round "1"]
1.d4 Ng8f6
2.c4 e6
3.Nb1c3 Bf8b4
4.e3 c5
5.Bf1d3 Nb8a6
6.Ng1e2 cxd4
7.exd4 b6
8.O-O Bc8b7
9.Bc1f4 O-O
10.a3 Bb4e7
11.Ra1c1 Nf6h5
12.Bf4g3 Nh5xg3
13.Ne2xg3 Na6c7
14.Qd1h5 g6
15.Qh5e2 Be7f6
16.Bd3e4 d5
17.cxd5 exd5
18.Be4f3 Bf6xd4
19.Rf1d1 Rf8e8
20.Qe2d3 Bd4g7
21.Rd1e1 Bb7a6
22.Qd3d2 Ba6b7
23.Re1xe8 Qd8xe8
24.Rc1e1 Qe8d7
25.h3 Ra8b8
26.Re1d1 Bg7xc3
27.Qd2xc3 Nc7b5
28.Qc3f6 d4
 { time }
0-1

[Event "Tourn. n9202"]
[Site "www.chess-mail.com"]
[Date "2017.03.25"]
[Round "1"]
[White "Picifarkinca"]
[Black "Lucaschess"]
[WhiteElo "1810"]
[BlackElo "1979"]
[Result "1-0"]
[Round "1"]
1.Ng1f3 Ng8f6
2.b3 d5
3.Bc1b2 Bc8g4
4.Nf3e5 Nb8d7
5.Ne5xg4 Nf6xg4
6.e4 Ng4f6
7.e5 Nf6e4
8.d3 Ne4c5
9.g3 f6
10.exf6 Nd7xf6
11.Bf1g2 e5
12.Bb2xe5 Bf8d6
13.Be5b2 Qd8e7
14.Qd1e2 Qe7xe2
15.Kxe2 c6
16.Rh1e1 O-O-O
17.Nb1d2 Rh8f8
18.Kf1 g6
19.Bg2h3 Kc7
20.f4 Nf6g8
21.Nd2f3 Ng8h6
22.Bb2g7 Nh6f5
23.Bg7xf8 Rd8xf8
24.Bh3xf5 Rf8xf5
25.Kg2 Kd7
26.Nf3e5 Kc7
27.b4 Nc5d7
28.c3 Nd7xe5
29.fxe5 Bd6xe5
30.d4 Be5f6
31.Re1f1 Kd6
32.g4 Rf5xf1
33.Ra1xf1 Ke6
34.Rf1e1 Kd7
35.Kf3 Bf6g5
36.Ke2 h6
37.h3 Bg5h4
38.Re1f1 Ke7
39.Kd3 b5
40.a4 a6
41.axb5 axb5
42.Rf1a1 Bh4f6
43.Ra1a7 Ke6
44.Ra7c7 Kd6
45.Rc7c8 g5
46.Rc8g8 { resign }
1-0

[Event "Tourn. n9224"]
[Site "www.chess-mail.com"]
[Date "2017.03.25"]
[Round "1"]
[White "Awfen"]
[Black "Picifarkinca"]
[WhiteElo "2050"]
[BlackElo "1820"]
[Result "0-1"]
[Round "1"]
1.e4 c6
2.Ng1f3 d6
3.d4 Nb8d7
4.Bf1d3 Ng8f6
5.O-O Qd8c7
6.Nb1c3 e5
7.Nc3e2 Bf8e7
8.c3 O-O
9.b3 Rf8e8
10.Ne2g3 Nd7f8
11.c4 Nf8e6
12.d5 cxd5
13.cxd5 Ne6c5
14.Bd3c2 a5
15.Nf3h4 Bc8g4
16.Qd1d2 Nf6xe4
17.Ng3xe4 Be7xh4
18.Ne4g5 e4
19.Qd2f4 Bh4xg5
20.Qf4xg5 Bg4c8
21.Bc1b2 f5
22.Ra1c1 Qc7f7
23.Rf1d1 b6
24.h4 Bc8b7
25.g3 Ra8a7
26.h5 Bb7xd5
27.h6 Ra7d7
28.hxg7 Bd5b7
29.Qg5f4 d5
30.Kg2 Nc5e6
31.Qf4e3 Qf7g6
32.b4 f4
33.Qe3b3 f3
34.Kf1 Bb7a6
35.Ke1 Ne6c5
36.bxc5 Ba6c4
37.Qb3xb6 Qg6g5
38.Bb2d4 e3
39.Bd4xe3 Re8xe3
40.fxe3 Qg5xe3
{ resign }
0-1

[Event "Tourn. n9164"]
[Site "www.chess-mail.com"]
[Date "2017.03.25"]
[Round "1"]
[White "Lucaschess"]
[Black "A27l"]
[WhiteElo "1499"]
[BlackElo "1290"]
[Result "1-0"]
[Round "1"]
1.e4 e5
2.Ng1f3 d6
3.Bf1c4 h6
4.O-O Ng8f6
5.Rf1e1 Bf8e7
6.d4 exd4
7.Nf3xd4 O-O
8.Nb1c3 c6
9.f4 c5
10.Nd4f3 Bc8e6
11.Nc3d5 Be6xd5
12.Bc4xd5 Nf6xd5
13.Qd1xd5 Qd8b6
14.Kh1 Qb6c6
15.c4 Qc6xd5
16.exd5 Be7f6
17.Ra1b1 b6
18.g4 Bf6d4
19.Nf3xd4 cxd4
20.b3 Nb8a6
21.Bc1a3 Ra8d8
22.Re1e7 Rf8e8
23.Ba3xd6 Re8xe7
24.Bd6xe7 Rd8e8
25.Rb1e1  { time }
1-0

[Event "Tourn. n9287"]
[Site "www.chess-mail.com"]
[Date "2017.03.25"]
[Round "1"]
[White "Sozaro"]
[Black "Genius7"]
[WhiteElo "2089"]
[BlackElo "2010"]
[Result "1-0"]
[Round "1"]
1.d4 d5
2.c4 dxc4
3.e4 e6
4.Bf1xc4 c5
5.Ng1f3 cxd4
6.Nf3xd4 a6
7.O-O Ng8f6
8.e5 Nf6d5
9.Bc4b3  { time }
1-0

[Event "Tourn. n9291"]
[Site "www.chess-mail.com"]
[Date "2017.03.25"]
[Round "1"]
[White "Julian"]
[Black "Bojan"]
[WhiteElo "2010"]
[BlackElo "2070"]
[Result "0-1"]
[Round "1"]
1.e4 e5
2.Ng1f3 d6
3.d4 exd4
4.Nf3xd4 h6
5.Nb1c3 Ng8f6
6.Bf1c4 Bc8d7
7.O-O Bd7g4
 { time }
0-1

[Event "Tourn. n9259"]
[Site "www.chess-mail.com"]
[Date "2017.03.25"]
[Round "1"]
[White "Estonia"]
[Black "Milkyway"]
[WhiteElo "2050"]
[BlackElo "1970"]
[Result "1-0"]
[Round "1"]
1.d4 d5
2.c4 e6
3.Nb1c3 Ng8f6
4.e3 Bf8b4
5.Qd1a4 Nb8c6
6.a3 Bb4xc3
7.bxc3 O-O
8.Ng1f3 Bc8d7
9.Qa4c2 a6
10.a4 Rf8e8
11.Bc1a3 dxc4
12.Bf1xc4 Nc6e7
13.O-O Ne7g6
14.Bc4d3 Bd7c6
15.Nf3d2 b6
16.e4 Ng6f4
17.f3 Nf4xd3
18.Qc2xd3  { time }
1-0

[Event "Tourn. n9233"]
[Site "www.chess-mail.com"]
[Date "2017.03.25"]
[Round "1"]
[White "Pdebonis"]
[Black "Seger"]
[WhiteElo "2440"]
[BlackElo "2780"]
[Result "1/2-1/2"]
[Round "1"]
1.e4 e5
2.Ng1f3 d6
3.d4 exd4
4.Nf3xd4 Bf8e7
5.Nb1c3 Ng8f6
6.g3 O-O
7.Bf1g2 Rf8e8
8.O-O Bc8d7
9.b3 a5
10.a4 Nb8a6
11.Bc1f4 Na6b4
12.Nd4b5 h6
13.e5 Bd7g4
14.Bg2f3 dxe5
15.Bf4xe5 Qd8c8
16.Nb5xc7 Qc8f5
17.Bf3xg4 Nf6xg4
18.Nc7xa8 Ng4xe5
19.Na8c7 Re8d8
20.Qd1e2 Nb4xc2
21.Ra1d1 Nc2d4
22.Qe2e4 Nd4f3
23.Kg2 Qf5h5
24.h4 Nf3d2
25.Rd1xd2 Rd8xd2
26.Nc7d5 Be7d6
27.Nd5f4 Qh5g4
28.Qe4e3 { draw }
1/2-1/2

[Event "Match"]
[Site "www.echecsemail.com"]
[Date "2017.03.25"]
[Round "1"]
[White "Andregor"]
[Black "Wd40"]
[WhiteElo "2540"]
[BlackElo "2429"]
[Result "1/2-1/2"]
[Round "1"]
1.e4 e5
2.Ng1f3 Nb8c6
3.Bf1b5 a6
4.Bb5a4 Ng8f6
5.O-O Bf8e7
6.Rf1e1 b5
7.Ba4b3 O-O
8.c3 d6
9.h3 Nc6a5
10.Bb3c2 c5
11.d4 Qd8c7
12.Nb1d2 cxd4
13.cxd4 Na5c6
14.Nd2b3 a5
15.Bc1e3 a4
16.Nb3d2 Bc8d7
17.Ra1c1 Qc7b7
18.Bc2d3 Rf8e8
19.Qd1e2 Ra8b8
20.d5 Nc6b4
21.Bd3b1 Re8c8
22.a3 Nb4a6
23.Bb1d3 Be7d8
24.Rc1xc8 Qb7xc8
25.Be3a7 Rb8b7
26.Ba7e3 h6
{ draw }
1/2-1/2

[Event "Match"]
[Site "www.echecsemail.com"]
[Date "2017.03.25"]
[Round "1"]
[White "Luzhin"]
[Black "Chessington"]
[WhiteElo "2200"]
[BlackElo "1499"]
[Result "1/2-1/2"]
[Round "1"]
1.d4 e6
2.Ng1f3 Ng8f6
3.c4 Bf8b4
4.Nb1d2 O-O
5.a3 Bb4xd2
6.Bc1xd2 b6
7.e3 Bc8b7
8.Bf1d3 d5
9.O-O dxc4
10.Bd3xc4 Nb8d7
11.Qd1e2 Nf6e4
12.Ra1c1 c5
13.dxc5 Nd7xc5
14.b4 Ne4xd2
15.Nf3xd2 Nc5e4
16.Nd2xe4 Bb7xe4
17.Bc4a6 Qd8g5
18.f3 Be4g6
19.g3 Ra8d8
20.Kg2 h6
21.Rc1c7 Rd8d6
22.Rf1f2 Rf8d8
23.e4 Rd6d1
24.Qe2c2 Rd1d2
25.Qc2c3 Rd2xf2
26.Kxf2 Rd8d2
27.Ba6e2 Rd2a2
28.Qc3d3 Qg5e5
29.Rc7c2 Ra2xc2
30.Qd3xc2 Qe5a1
31.Qc2c8 Kh7
32.Qc8a6 Qa1h1
33.Qa6xa7 Qh1xh2
34.Kf1 f5
35.exf5 Bg6xf5
36.g4 { draw }
1/2-1/2

[Event "Match"]
[Site "www.echecsemail.com"]
[Date "2017.03.25"]
[Round "1"]
[White "Gambitmiau"]
[Black "Fatmike02"]
[WhiteElo "1930"]
[BlackElo "1749"]
[Result "0-1"]
[Round "1"]
1.e4 c6
2.Ng1f3 d5
3.Nb1c3 Bc8g4
4.Bf1e2 e6
5.Nf3e5 Bg4xe2
6.Qd1xe2 Nb8d7
7.Qe2f3 Ng8f6
8.d4 Bf8b4
9.exd5 cxd5
10.Bc1d2 O-O
11.O-O Bb4xc3
12.Bd2xc3 Nd7xe5
13.dxe5 Nf6e4
14.Bc3b4 Rf8e8
15.Rf1d1 Qd8b6
16.c3 Ra8c8
17.Rd1d4 f6
18.a4 a5
19.Bb4a3 fxe5
20.Rd4d3 Ne4f6
21.Qf3e2 e4
22.Qe2e3 Qb6c7
23.Rd3d4 Nf6g4
24.Qe3h3 Ng4e5
25.b4 Qc7xc3
26.Qh3xc3 Rc8xc3
27.Ba3b2 Rc3c4
28.bxa5 Re8c8
29.Rd4d1 Ne5d3
30.Bb2a3 Rc4c2
31.g3 Nd3xf2
32.Rd1c1 e3
33.Ra1b1 Nf2h3
34.Kf1 d4
35.Rc1xc2 Rc8xc2
36.Rb1xb7 d3
37.a6 e2
38.Ke1 Nh3g1
39.a7 Ng1f3
40.Kf2 e1Q
41.Kxf3 Qe1h1
{ resign }
0-1

[Event "Match"]
[Site "www.echecsemail.com"]
[Date "2017.03.25"]
[Round "1"]
[White "Calponas"]
[Black "Forest"]
[WhiteElo "2030"]
[BlackElo "1930"]
[Result "1-0"]
[Round "1"]
1.e4 d5
2.exd5 Qd8xd5
3.Nb1c3 Qd5d6
4.d4 Ng8f6
5.Ng1f3 c6
6.g3 Bc8g4
7.Bc1f4 Qd6d8
8.Bf1g2 e6
9.O-O Bg4xf3
10.Qd1xf3 Bf8d6
11.Rf1e1 O-O
12.Ra1d1 Bd6xf4
13.Qf3xf4 Nb8d7
14.Rd1d2 Nd7b6
15.b3 Nb6d5
16.Nc3e4 Nf6xe4
17.Qf4xe4 Nd5f6
18.Qe4f4 Nf6d5
19.Qf4g4 Nd5f6
20.Qg4h4 Nf6d5
21.Qh4g4 Nd5f6
22.Qg4d1 Nf6d5
23.c4  { time }
1-0

[Event "Match"]
[Site "www.echecsemail.com"]
[Date "2017.03.25"]
[Round "1"]
[White "Azorau"]
[Black "Caspito"]
[WhiteElo "1770"]
[BlackElo "1910"]
[Result "1-0"]
[Round "1"]
1.e4 e5
2.Ng1f3 Nb8c6
3.Bf1c4 Nc6d4
4.Nf3xd4 exd4
5.O-O Qd8f6
6.e5 Qf6h6
7.Qd1f3 f6
8.d3 Bf8e7
9.Bc1xh6 Ng8xh6
10.exf6 Be7xf6
11.Rf1e1 { resign }
1-0

[Event "Match"]
[Site "www.echecsemail.com"]
[Date "2017.03.25"]
[Round "1"]
[White "Pariolinius"]
[Black "Milkyway"]
[WhiteElo "1920"]
[BlackElo "1920"]
[Result "1-0"]
[Round "1"]
1.d4 Ng8f6
2.Ng1f3 e6
3.Bc1g5 Bf8e7
4.Nb1d2 d5
5.e3 h6
6.Bg5h4 O-O
7.Bf1d3 c5
8.c3 Nb8c6
9.O-O a6
10.Nd2b3 c4
11.Bd3c2 cxb3
12.Bc2xb3 b5
13.Rf1e1 Bc8b7
14.Qd1b1 Nc6a5
15.Bb3c2 Na5c4
16.Qb1c1 Ra8c8
17.Qc1b1 Nf6d7
18.Bh4g3 Be7d6
19.Bg3h4 Qd8c7
20.b3 Nc4b6
21.a3 Rf8e8
22.Qb1b2 Qc7xc3
23.Qb2xc3 Rc8xc3
24.Re1c1 Re8c8
25.Ra1a2 Rc3xb3
26.Nf3d2 Rb3xa3
27.Ra2b2 Nb6c4
28.Nd2xc4 dxc4
29.Bc2b1 g5
30.Bh4g3 Bd6xg3
31.hxg3 Bb7a8
32.f3 Nd7b6
33.e4 Nb6a4
34.Rb2c2 Ba8b7
35.Rc2d2 c3
36.Rd2a2 Ra3xa2
37.Bb1xa2 b4
38.Ba2b3 Na4b2
39.Kf1  { time }
1-0

[Event "Match"]
[Site "www.echecsemail.com"]
[Date "2017.03.25"]
[Round "1"]
[White "Churrasca"]
[Black "Joseph1983"]
[WhiteElo "2230"]
[BlackElo "2190"]
[Result "0-1"]
[Round "1"]
1.e4 e6
2.d4 d5
3.Nb1c3 dxe4
4.Nc3xe4 Nb8d7
5.Ng1f3 Ng8f6
6.Ne4xf6 Nd7xf6
7.Bf1d3 c5
8.dxc5 Bf8xc5
9.O-O O-O
10.Qd1e2 Qd8c7
11.Bc1e3 Bc5xe3
12.Qe2xe3 b6
13.c4 Bc8b7
14.h3 Qc7c6
 { time }
0-1

[Event "Match"]
[Site "www.echecsemail.com"]
[Date "2017.03.25"]
[Round "1"]
[White "Biggles"]
[Black "Genius7"]
[WhiteElo "2150"]
[BlackElo "1960"]
[Result "1-0"]
[Round "1"]
1.e4 e5
2.d4 exd4
3.c3 d5
4.exd5 Qd8xd5
5.cxd4 Nb8c6
6.Bc1e3 Ng8f6
7.Ng1f3 Bf8b4
8.Nb1d2 O-O
9.Bf1e2 Bc8f5
10.O-O Bb4xd2
11.Nf3xd2 a6
12.Ra1c1 Ra8d8
13.Be2f3 Qd5d6
14.Nd2b3 Nf6d5
15.Bf3xd5 Qd6xd5
16.Rc1c5 Qd5e6
17.d5 Qe6g6
18.Qd1f3 Nc6e5
19.Qf3g3 Ne5d3
20.Rc5xc7 Qg6xg3
21.fxg3 Bf5g6
22.Nb3c5 Nd3xc5
23.Be3xc5 Rf8e8
24.d6 f6
25.d7  { time }
1-0

[Event "Match"]
[Site "www.echecsemail.com"]
[Date "2017.03.25"]
[Round "1"]
[White "Karlgrocer"]
[Black "Sozaro"]
[WhiteElo "2040"]
[BlackElo "1699"]
[Result "0-1"]
[Round "1"]
1.Ng1f3 d5
2.d4 Ng8f6
3.e3 c5
4.a3 cxd4
5.Nf3xd4 e5
6.Nd4b3 Nb8c6
7.Bf1e2 a5
8.O-O a4
9.Nb3d2 Bf8c5
10.c4 d4
11.exd4 Nc6xd4
12.Nb1c3 Bc8f5
13.Nc3xa4 Bf5c2
14.Qd1e1 Bc2xa4
15.Be2d1 Ba4xd1
16.Qe1xd1 O-O
17.Nd2b3 Qd8b6
18.Nb3xc5 Qb6xc5
19.Bc1e3 Qc5xc4
20.Ra1c1 Nd4e2
21.Kh1 Ne2xc1
{ resign }
0-1

[Event "1/64 Finale"]
[Site "www.chess-mail.com"]
[Date "2017.03.25"]
[Round "1"]
[White "Piriot"]
[Black "Ozana"]
[WhiteElo "1879"]
[BlackElo "2259"]
[Result "1/2-1/2"]
[Round "1"]
1.Ng1f3 c5
2.c4 Nb8c6
3.Nb1c3 g6
4.d4 cxd4
5.Nf3xd4 Bf8g7
6.Nd4xc6 bxc6
7.e4 Qd8a5
8.Bc1d2 Ra8b8
9.Ra1b1 Ng8f6
10.Bf1d3 O-O
11.O-O d6
12.h3 Nf6d7
13.Qd1c2 Qa5c7
14.b4 Nd7e5
15.b5 Bc8b7
16.bxc6 Bb7xc6
17.Nc3d5 Bc6xd5
18.cxd5 Qc7xc2
19.Bd3xc2 Rb8c8
20.Bc2a4 Rc8c4
21.Rb1b4 Rc4xb4
22.Bd2xb4 Rf8b8
23.Bb4a3 Ne5c4
24.Ba3c1 Bg7c3
25.Ba4b3 Rb8c8
26.Rf1d1 Nc4b2
27.Bc1xb2 { draw }
1/2-1/2

[Event "Eq:Latinoamerica-Equipo Juan Diaz : "]
[Site "www.chess-mail.com"]
[Date "2017.03.25"]
[Round "1"]
[White "Naujzaid"]
[Black "Bjonil60"]
[WhiteElo "2080"]
[BlackElo "1430"]
[Result "1-0"]
[Round "1"]
1.d4 d5
2.c4 c6
3.Nb1c3 dxc4
4.a4 Ng8f6
5.Ng1f3 h6
6.e4 Qd8c7
7.Bf1xc4 b6
8.O-O g6
9.h3 g5
10.e5 Nf6h7
11.Nf3d2 b5
12.axb5 c5
13.Bc4xf7 Kxf7
14.Qd1f3 Ke8
15.Qf3xa8 a6
16.Nc3d5 Qc7d7
17.Qa8xb8 Kd8
18.Nd5b6 Qd7f5
19.Qb8xc8 Qf5xc8
20.Nb6xc8 Kxc8
21.bxa6 Kb8
22.a7 Ka8
23.Nd2c4 e6
24.Nc4b6 Kb7
25.a8Q Kc7
26.Ra1a7 Kxb6
27.Qa8b7 
1-0

[Event "Tourn. n9219"]
[Site "www.chess-mail.com"]
[Date "2017.03.26"]
[Round "1"]
[White "Mdesouza"]
[Black "Rons"]
[WhiteElo "2310"]
[BlackElo "2550"]
[Result "0-1"]
[Round "1"]
1.e4 c5
2.Ng1f3 d6
3.d4 cxd4
4.Nf3xd4 Ng8f6
5.Nb1c3 a6
6.Bc1g5 e6
7.f4 Qd8b6
8.a3 Nb8c6
9.Nd4b3 Bf8e7
10.Qd1d2 O-O
11.O-O-O Rf8d8
12.Bf1e2 h6
13.Bg5h4 Nf6xe4
14.Nc3xe4 Be7xh4
15.Ne4xd6 Qb6c7
16.Nd6b5 axb5
17.Qd2e3 b4
18.a4 Ra8xa4
19.Be2b5 Ra4a8
20.g4 e5
21.Qe3h3 Rd8xd1
22.Rh1xd1 Bh4f6
23.fxe5 Qc7xe5
24.Bb5d3 Nc6d4
25.Bd3c4 Nd4xb3
26.Bc4xb3 Ra8a1
{ resign }
0-1

[Event "Tourn. n9175"]
[Site "www.chess-mail.com"]
[Date "2017.03.26"]
[Round "1"]
[White "Forest"]
[Black "Winston"]
[WhiteElo "1870"]
[BlackElo "1740"]
[Result "0-1"]
[Round "1"]
1.e4 e6
2.d4 d5
3.exd5 exd5
4.Bf1d3 Nb8c6
5.Ng1f3 Bc8g4
6.c3 Ng8f6
7.O-O Bf8d6
8.h3 Bg4xf3
9.Qd1xf3 Nc6e7
10.Bc1g5 Ne7g6
11.Bg5xf6 Qd8xf6
12.Qf3xf6 gxf6
13.Nb1d2 O-O-O
14.Bd3f5 Kb8
15.Bf5xg6 fxg6
16.Nd2f3 Rd8e8
17.Rf1e1 Kc8
18.Re1xe8 Rh8xe8
19.Ra1e1 Re8xe1
20.Nf3xe1 c5
21.dxc5 Bd6xc5
22.Kf1 a5
23.Ne1f3 Kc7
24.Ke2 Kc6
25.Nf3d2 a4
26.Nd2f3 b5
27.Nf3d4 Bc5xd4
28.cxd4 b4
29.Kd3 h5
30.f4 f5
 { time }
0-1

[Event "Tourn. n9180"]
[Site "www.chess-mail.com"]
[Date "2017.03.26"]
[Round "1"]
[White "Pariolinius"]
[Black "Genius7"]
[WhiteElo "1960"]
[BlackElo "1890"]
[Result "1-0"]
[Round "1"]
1.Ng1f3 d5
2.g3 c5
3.Bf1g2 Nb8c6
4.O-O e5
5.d3 Ng8f6
6.Bc1g5 Bf8e7
7.a3 O-O
8.Rf1e1 Qd8c7
9.e4 d4
10.Nb1d2 b5
11.c4 a6
12.b3 Bc8d7
13.Qd1c2 Ra8b8
14.a4 Nc6b4
15.Qc2b1 bxa4
16.Qb1b2 axb3
17.Qb2xb3 h6
18.Bg5xf6 Be7xf6
19.Re1b1 Rf8c8
20.Qb3d1 Bd7c6
21.Nd2b3 Bc6d7
22.Ra1a5 Nb4xd3
23.Qd1xd3 Bd7g4
24.Ra5xc5 Rb8xb3
25.Rb1xb3 Qc7xc5
26.Nf3d2 Bg4e6
27.Bg2f1 Bf6g5
28.h4 Bg5xd2
29.Qd3xd2 Be6xc4
30.Bf1xc4 Qc5xc4
31.Rb3b4 Qc4c1
32.Qd2xc1 Rc8xc1
33.Kg2 d3
34.Rb4b8 Kh7
35.Rb8d8 Rc1d1
36.Kf3 d2
37.Ke2  { time }
1-0

[Event "Tourn. n9187"]
[Site "www.chess-mail.com"]
[Date "2017.03.26"]
[Round "1"]
[White "Genius7"]
[Black "Pinehill"]
[WhiteElo "1890"]
[BlackElo "2090"]
[Result "0-1"]
[Round "1"]
1.e4 d5
2.Nb1c3 d4
3.Nc3e2 e5
4.d3 Ng8f6
5.f4 Nb8c6
6.Ng1f3 Bf8d6
7.g3 Bc8g4
8.Bf1g2 Qd8e7
9.O-O O-O-O
10.h3 Bg4xf3
11.Bg2xf3 Kb8
12.Bf3g2 h5
13.fxe5 Bd6xe5
14.Bc1f4 Rd8g8
15.Bf4xe5 Qe7xe5
16.Rf1f5 Qe5d6
17.Rf5f1 g5
18.Kh1 Nc6e5
19.Rf1f5 Nf6g4
20.hxg4 hxg4
21.Kg1 Rh8h7
22.Qd1d2 c5
23.Rf5xg5 Rg8h8
24.Ne2f4 Ne5f3
25.Bg2xf3 gxf3
 { time }
0-1